The New Teen Titans. #2/ written by Marv Wolfman ; ... Read More
Available copies
- 1 of 1 copy available at LARL/NWRL Consortium.
- 1 of 1 copy available at Lake Agassiz Regional Library. (Show preferred library)
Current holds
0 current holds with 1 total copy.
Show Only Available Copies
| Location | Call Number / Copy Notes | Barcode | Shelving Location | Status | Due Date |
|---|---|---|---|---|---|
| Climax Public Library | Y G WOL (Text) | 33500012161121 | Main | Available | - |
Record details
- ISBN: 9781401255329 (paperback)
- ISBN: 1401255329 (paperback)
- Physical Description: 226 pages : illustrations ; 26 cm
- Publisher: New York : DC Comics, [2015]
Content descriptions
| Summary, etc.: | "When the series launched, writer Marv Wolfman ... Read More |
Search for related items by subject
| Genre: | Graphic novels. Superhero comic books, strips, etc. Comic books, strips, etc. Graphic novels. |
Search for related items by series
| LDR | 02401cam a2200481 i 4500 | ||
|---|---|---|---|
| 001 | 189293 | ||
| 003 | LARL_NWRL_CONSORTIUM | ||
| 005 | 20170217212722.0 | ||
| 008 | 150112s2015 nyua 6 000 1 eng | ||
| 020 | . | ‡a9781401255329 (paperback) | |
| 020 | . | ‡a1401255329 (paperback) | |
| 035 | . | ‡a(OCoLC)900159187 | |
| 042 | . | ‡apcc | |
| 082 | 0 | 0. | ‡a741.5/973 ‡223 |
| 084 | . | ‡aCGN004080 ‡2bisacsh | |
| 100 | 1 | . | ‡aWolfman, Marv. ‡0(LARL_NWRL_CONSORTIUM)68624 |
| 245 | 1 | 4. | ‡aThe New Teen Titans. ‡n#2/ ‡cwritten by Marv Wolfman ; art by George Pérez and Romeo Tanghal. |
| 264 | 1. | ‡aNew York : ‡bDC Comics, ‡c[2015] | |
| 300 | . | ‡a226 pages : ‡billustrations ; ‡c26 cm | |
| 336 | . | ‡atext ‡2rdacontent | |
| 337 | . | ‡aunmediated ‡2rdamedia | |
| 338 | . | ‡avolume ‡2rdacarrier | |
| 490 | 0 | . | ‡aNew Teen Titans ; ‡v2 |
| 520 | . | ‡a"When the series launched, writer Marv Wolfman (CRISIS ON INFINITE EARTHS) and artist George Perez (FINAL CRISIS: LEGION OF THREE WORLDS, Avengers) crafted a timeless story starring Robin, Kid Flash, Wonder Girl, Cyborg, Changling, Raven and Starfire--a group of young individuals with great powers and strong personalities who learned their way in the world through the strength of their friendship and the adventures they shared. Collects NEW TEEN TITANS #9-16"-- ‡cProvided by publisher. | |
| 650 | 7. | ‡aCOMICS & GRAPHIC NOVELS / Superheroes. ‡2bisacsh | |
| 650 | 0. | ‡aTeen Titans (Fictitious characters) ‡vComic books, strips, etc. | |
| 650 | 0. | ‡aSuperheroes ‡vComic books, strips, etc. | |
| 650 | 1. | ‡aTeen Titans (Fictitious characters) ‡vFiction. | |
| 650 | 1. | ‡aSuperheroes ‡vFiction. | |
| 650 | 7. | ‡aSuperheroes. ‡2fast ‡0(LARL_NWRL_CONSORTIUM)177502 | |
| 650 | 7. | ‡aTeen Titans (Fictitious characters) ‡2fast | |
| 655 | 7. | ‡aGraphic novels. ‡2lcgft | |
| 655 | 7. | ‡aSuperhero comic books, strips, etc. ‡2gsafd | |
| 655 | 7. | ‡aComic books, strips, etc. ‡2fast | |
| 655 | 7. | ‡aGraphic novels. ‡2fast | |
| 700 | 1 | . | ‡aPérez, George, ‡d1954- ‡0(LARL_NWRL_CONSORTIUM)179795 |
| 700 | 1 | . | ‡aTanghal, Romeo. |
| 901 | . | ‡a189293 ‡bOCLC ‡c189293 ‡tbiblio | |

Add to basket
Permalink
Disable Highlighting